<?xml version="1.0" encoding="UTF-8"?>
<record
    xmlns:xsi="http://www.w3.org/2001/XMLSchema-instance"
    xsi:schemaLocation="http://www.loc.gov/MARC21/slim http://www.loc.gov/standards/marcxml/schema/MARC21slim.xsd"
    xmlns="http://www.loc.gov/MARC21/slim">

  <leader>02517cam a2200349 a 4500</leader>
  <controlfield tag="001">13269223</controlfield>
  <controlfield tag="005">20060722154601.0</controlfield>
  <controlfield tag="008">030710s2003    enka          001 0 eng  </controlfield>
  <datafield tag="010" ind1=" " ind2=" ">
    <subfield code="a">  2003271852</subfield>
  </datafield>
  <datafield tag="015" ind1=" " ind2=" ">
    <subfield code="a">GBA2-T7869</subfield>
  </datafield>
  <datafield tag="020" ind1=" " ind2=" ">
    <subfield code="a">0199248362</subfield>
  </datafield>
  <datafield tag="035" ind1=" " ind2=" ">
    <subfield code="a">(OCoLC)ocm51108423</subfield>
  </datafield>
  <datafield tag="040" ind1=" " ind2=" ">
    <subfield code="a">UKM</subfield>
    <subfield code="c">UKM</subfield>
    <subfield code="d">J2H</subfield>
    <subfield code="d">DLC</subfield>
  </datafield>
  <datafield tag="042" ind1=" " ind2=" ">
    <subfield code="a">lccopycat</subfield>
  </datafield>
  <datafield tag="043" ind1=" " ind2=" ">
    <subfield code="a">e------</subfield>
  </datafield>
  <datafield tag="050" ind1="0" ind2="0">
    <subfield code="a">JN30</subfield>
    <subfield code="b">.E9419 2003</subfield>
  </datafield>
  <datafield tag="082" ind1="0" ind2="0">
    <subfield code="a">341.2422</subfield>
    <subfield code="2">22</subfield>
    <subfield code="b">EUR</subfield>
  </datafield>
  <datafield tag="245" ind1="0" ind2="0">
    <subfield code="a">European Union politics /</subfield>
    <subfield code="c">Edited by Michelle Cini.</subfield>
  </datafield>
  <datafield tag="260" ind1=" " ind2=" ">
    <subfield code="a">Oxford :</subfield>
    <subfield code="b">Oxford University Press,</subfield>
    <subfield code="c">c2003.</subfield>
  </datafield>
  <datafield tag="300" ind1=" " ind2=" ">
    <subfield code="a">xxvii, 450 p. :</subfield>
    <subfield code="b">ill. ;</subfield>
    <subfield code="c">25 cm.</subfield>
  </datafield>
  <datafield tag="504" ind1=" " ind2=" ">
    <subfield code="a">Includes bibliographical references and index.</subfield>
  </datafield>
  <datafield tag="505" ind1="0" ind2=" ">
    <subfield code="a">The European Community : from 1945 to 1985 / Derek W. Urwin -- The single market / Michelle Egan -- Towards European union / David Phinnemore -- Federalism and federation / Michael Burgess -- Neo-functionalism / Carsten Str&#xFFFD;by Jensen -- Intergovernmentalism / Michelle Cini -- New theories of European integration / Ben Rosamond -- The European Commission / Morten Egeberg -- The Council of the European Union / Jeffrey Lewis -- The European Parliament / Roger Scully -- The Community courts / Anthony Arnull -- Interest groups and the European Union / Rainer Eising -- EU enlargement / John K. Glenn -- EU external relations / Karen E. Smith -- The Common Agricultural Policy / Eve Fouilleux -- The EU's social dimension / Gerda Falkner -- Regional Europe / Angela K. Bourne -- Justice and Home Affairs / Emek M. U&#xFFFD;carer -- Economic and Monetary Union / Amy Verdun -- Europeanisation / Johan P. Olsen -- Implementation / Michelle Cini -- EU democracy and the democratic deficit / Dimitris N. Chryssochoou -- Differentiated integration / Kerstin Junge -- Citizenship / Antje Wiener.</subfield>
  </datafield>
  <datafield tag="610" ind1="2" ind2="0">
    <subfield code="a">European Union</subfield>
    <subfield code="9">8209</subfield>
  </datafield>
  <datafield tag="650" ind1=" " ind2="0">
    <subfield code="a">European Union countries</subfield>
    <subfield code="9">8210</subfield>
  </datafield>
  <datafield tag="651" ind1=" " ind2="0">
    <subfield code="a">European Union countries</subfield>
    <subfield code="x">Politics and government</subfield>
    <subfield code="9">8211</subfield>
  </datafield>
  <datafield tag="700" ind1="1" ind2=" ">
    <subfield code="a">Cini, Michelle.</subfield>
    <subfield code="9">8212</subfield>
  </datafield>
  <datafield tag="856" ind1="4" ind2="2">
    <subfield code="3">Publisher description</subfield>
    <subfield code="u">http://www.loc.gov/catdir/enhancements/fy0615/2003271852-d.html</subfield>
  </datafield>
  <datafield tag="856" ind1="4" ind2="1">
    <subfield code="3">Table of contents only</subfield>
    <subfield code="u">http://www.loc.gov/catdir/enhancements/fy0615/2003271852-t.html</subfield>
  </datafield>
  <datafield tag="942" ind1=" " ind2=" ">
    <subfield code="2">ddc</subfield>
    <subfield code="c">BB</subfield>
  </datafield>
  <datafield tag="999" ind1=" " ind2=" ">
    <subfield code="c">12452</subfield>
    <subfield code="d">12452</subfield>
  </datafield>
  <datafield tag="952" ind1=" " ind2=" ">
    <subfield code="0">0</subfield>
    <subfield code="1">0</subfield>
    <subfield code="2">ddc</subfield>
    <subfield code="4">0</subfield>
    <subfield code="7">0</subfield>
    <subfield code="8">Donation-G</subfield>
    <subfield code="a">MAIN</subfield>
    <subfield code="b">MAIN</subfield>
    <subfield code="c">1ST</subfield>
    <subfield code="d">2009-07-28</subfield>
    <subfield code="e">Donation</subfield>
    <subfield code="l">13</subfield>
    <subfield code="m">44</subfield>
    <subfield code="o">341.2422 EUR</subfield>
    <subfield code="p">000017601</subfield>
    <subfield code="r">2025-11-24 00:00:00</subfield>
    <subfield code="s">2024-10-14</subfield>
    <subfield code="y">BB</subfield>
  </datafield>
</record>
